000 00362nam a22001457a 4500
008 210226b ||||| |||| 00| 0 eng d
020 _a9780395857786
041 _aeng
080 _24th
_a338
082 _a338
100 _a57
101 _aMAN
245 _aStratregic Management Theory an Integrated Approach
_cHill, Ch.W.L & Jones, G.R
942 _2udc
_cBK
999 _c55252
_d55252